Carlos Walker Martínez, bosquejo biográfico. Artículos publicados en el diario El Día, de Talca. Discurso pronunciado en las sesiones del 21 y 22 de mayo de 1887 en la Cámara de Diputados
Gespeichert in:
| 1. Verfasser: | |
|---|---|
| Format: | Buch |
| Sprache: | Spanisch |
| Veröffentlicht: |
Talca
Imprenta Poblete
1930
|
| Ausgabe: | 1a. ed |
| Schlagworte: | |
| Tags: |
Tag hinzufügen
Keine Tags, Fügen Sie den ersten Tag hinzu!
|
MARC
| LEADER | 00000nam a2200000 a 4500 | ||
|---|---|---|---|
| 001 | UCJ7873 | ||
| 003 | CL-VaPUC | ||
| 008 | 070124e19300000CL |||||||||||||||||spa|d | ||
| 082 | 0 | 4 | |a 923 |b LOR |2 21 |
| 100 | |a Lorena, Julián |e autor |9 516308 | ||
| 245 | 1 | 0 | |a Carlos Walker Martínez, bosquejo biográfico. Artículos publicados en el diario El Día, de Talca. Discurso pronunciado en las sesiones del 21 y 22 de mayo de 1887 en la Cámara de Diputados |
| 250 | |a 1a. ed | ||
| 300 | |a 113 p | ||
| 942 | |c BK | ||
| 945 | |d 20070124 00:00:00 |a rinostro | ||
| 260 | |a Talca |b Imprenta Poblete |c 1930 | ||
| 500 | |a Retrato de Walker Martínez | ||
| 600 | 0 | 7 | |a WALKER MARTINEZ, CARLOS |2 CL-VaPUC |9 438546 |
| 650 | 0 | |a Historia de Chile |9 265473 | |
| 650 | 7 | |a BIOGRAFIA |2 CL-VaPUC |9 504622 | |
| 650 | 0 | |a Iconografía |9 267998 | |
| 650 | 0 | |a Discursos |9 265028 | |
| 650 | 0 | |a Iglesia y Estado |9 254995 | |
| 583 | |a last modification |c 20070124 00:00:00 |k Rodrigo Vera | ||
| 999 | |c 323739 |d 323737 | ||
| 952 | |0 0 |1 0 |4 0 |6 923_000000000000000_LOR_1930 |7 0 |8 X |9 403517 |a FDOBUD |b FDOBUD |d 2019-11-22 |i 1069772 |o 923 LOR 1930 |p 1069772 |r 2019-11-22 |w 2019-11-22 |y BK_X |k BUD | ||